| 000 | 00882nmm a2200265 a 4500 | ||
|---|---|---|---|
| 001 | ocm000786396 | ||
| 003 | TR-IsHL | ||
| 005 | 20201028152629.0 | ||
| 008 | 150709s1994 tu tur | ||
| 007 | cr cn | ||
| 035 |
_a786396 _b(N$T) |
||
| 050 | 0 | 4 |
_aHD2341 _b.E35 1994 |
| 090 | 0 | 4 |
_aHD2341 _b.E35 1994 |
| 100 | 1 | _aEkin, Nusret | |
| 245 | 1 | 0 |
_aBüyüme - ihracat - istihdam boyutlarıyla küçük işyerleri ve sosyal koruma _h[electronic resource] / _cNusret Ekin |
| 250 | _a1 bs. | ||
| 260 |
_aİstanbul : _bİstanbul Ticaret Odası, _c1994 |
||
| 300 | _a134 p. | ||
| 650 | 4 | _aEkonomi ve Finans | |
| 650 | 4 | _aEconomics and Finance | |
| 650 | 0 | _aKüçük işletmeler | |
| 650 | 0 | _aSmall business | |
| 650 | 7 |
_aBUSINESS & ECONOMICS / Small Business _2bisacsh |
|
| 856 | 4 | 0 | _uhttp://search.ebscohost.com/login.aspx?direct=true&scope=site&db=e011xww&AN=786396 |
| 999 |
_c11628 _d11628 |
||